[Event "Online Olym Div4 B 2020"]
[Site "chess.com INT"]
[Date "2020.08.01"]
[Round "5.5"]
[Board "4"]
[White "Sokolova, Victoria"]
[Black "Castro, Neusa Aridas De"]
[Result "0-1"]
[BlackTitle "WCM"]
[WhiteElo "1208"]
[BlackElo "1512"]
[WhiteTeam "Cyprus"]
[BlackTeam "Mozambique"]
[WhiteFideId "5905460"]
[BlackFideId "14800250"]
[EventDate "2020.07.31"]
[EventType "team"]

1. c4 e6 2. d4 d5 3. Bf4 Nf6 4. e3 Be7 5. Nf3 Nbd7 6. Nc3 dxc4 7. Bxc4 Nb6 8.
Bb3 Bd7 9. O-O O-O 10. e4 Bc6 11. e5 Nh5 12. Be3 Bb4 13. h3 Rc8 14. a3 Bxc3 15.
bxc3 g6 16. Bh6 Re8 17. Qc1 Bxf3 18. gxf3 Ng7 19. Qg5 Nf5 20. Bc2 Nh4 21. Qxd8
Rcxd8 22. Be4 Nf5 23. Bxf5 exf5 24. Bg5 Rc8 25. Bf6 Nd5 26. Rac1 Nxf6 27. exf6
Re6 28. Rfe1 Rxf6 29. Re7 Kf8 30. Rce1 a6 31. Kg2 b5 32. Kg3 h5 33. Kf4 Kg7 34.
Kg5 c5 35. dxc5 Rxc5 36. R1e3 f4+ 37. R3e5 Rxc3 38. Rd5 Rxf3 39. Re4 Rxf2 40.
Rdd4 f3 41. Rf4 Rg2+ 42. Kh4 g5+ 43. Kxh5 Rh6# 0-1

[Event "Online Olym Div4 B 2020"]
[Site "chess.com INT"]
[Date "2020.08.01"]
[Round "5.5"]
[Board "5"]
[White "Farisse, Joao"]
[Black "Hadjinicolaou, Andreas"]
[Result "1/2-1/2"]
[WhiteElo "1574"]
[BlackElo "1710"]
[WhiteTeam "Mozambique"]
[BlackTeam "Cyprus"]
[WhiteFideId "14800730"]
[BlackFideId "5901103"]
[EventDate "2020.07.31"]
[EventType "team"]

1. c4 e5 2. Nf3 Nc6 3. Nc3 f5 4. d3 Nf6 5. g3 Bb4 6. Bd2 Bxc3 7. Bxc3 d6 8. Bg2
O-O 9. O-O Bd7 10. b4 Rb8 11. a4 Qe8 12. b5 Ne7 13. Rc1 h6 14. c5 Ned5 15. cxd6
Nxc3 16. Rxc3 cxd6 17. Rc7 Nd5 18. Rc1 Be6 19. Nd2 g5 20. Nc4 Qe7 21. e4 Nb6 22.
exf5 Bxf5 23. Nxb6 axb6 24. Qe2 Ra8 25. Bd5+ Be6 26. Qe4 Bxd5 27. Qxd5+ Qf7 28.
Qxd6 Rxa4 29. Rc7 Rd4 30. Qxe5 Rd7 31. Rxd7 Qxd7 32. d4 Rf5 33. Qb8+ Kg7 34. Rc1
Qxd4 35. Rc7+ Rf7 36. Rxf7+ Kxf7 37. Qxb7+ Kg6 38. Qc6+ Kg7 39. Kg2 g4 40. Qc7+
Kg6 41. Qc6+ Kg7 42. Kf1 Qd1+ 43. Kg2 Qd4 1/2-1/2

[Event "Online Olym Div4 B 2020"]
[Site "chess.com INT"]
[Date "2020.08.01"]
[Round "5.5"]
[Board "6"]
[White "Sarkisian, Aikaterina"]
[Black "Efentakis, Theodora"]
[Result "1-0"]
[WhiteElo "1016"]
[BlackElo "1147"]
[WhiteTeam "Cyprus"]
[BlackTeam "Mozambique"]
[WhiteFideId "5905265"]
[BlackFideId "14801078"]
[EventDate "2020.07.31"]
[EventType "team"]

1. e4 e5 2. f4 exf4 3. Nf3 Nc6 4. d4 Be7 5. Bxf4 d6 6. Bd3 Bg4 7. Be2 Nf6 8. Nc3
O-O 9. O-O h6 10. h3 Bh5 11. Qd2 Bg6 12. Bd3 Nh5 13. Be3 Ng3 14. Rf2 Bh4 15.
Nxh4 Qxh4 16. Rf4 Qe7 17. Rg4 Nh5 18. Bc4 Nf6 19. Rxg6 Kh8 20. Rxg7 Nh5 21. Rg4
Nf6 22. Rh4 Ng8 23. Qf2 Kh7 24. Qf5+ Kg7 25. Rg4+ Kh8 26. Qh5 Qf6 27. Rf1 1-0

[Event "Online Olym Div4 B 2020"]
[Site "chess.com INT"]
[Date "2020.08.01"]
[Round "6.1"]
[Board "1"]
[White "Beukes, Dante M"]
[Black "Michaelides, Konstantinos"]
[Result "1/2-1/2"]
[WhiteTitle "IM"]
[BlackTitle "CM"]
[WhiteElo "2206"]
[BlackElo "2260"]
[WhiteTeam "Namibia"]
[BlackTeam "Cyprus"]
[WhiteFideId "15200540"]
[BlackFideId "5901871"]
[EventDate "2020.07.31"]
[EventType "team"]

1. Nf3 Nf6 2. g3 d5 3. Bg2 c6 4. O-O Bg4 5. h3 Bh5 6. d4 Nbd7 7. c4 e6 8. Nc3
Bd6 9. cxd5 exd5 10. Nh4 O-O 11. Nf5 Bc7 12. Qb3 Nb6 13. a4 a5 14. Bg5 h6 15.
Bc1 Re8 16. Re1 Qd7 17. Nh4 Nc4 18. e4 g5 19. Nf5 Nxe4 20. Nxh6+ Kg7 21. Nxe4
dxe4 22. Qxc4 Kxh6 23. Rxe4 Rxe4 24. Bxe4 Qxh3 25. Qc5 Qg4 26. Qf5 Qxf5 27. Bxf5
Re8 28. Be3 Bxg3 29. Kg2 Bf4 30. Rh1 Bxe3 31. fxe3 Rxe3 32. Bg4 Rb3 33. Bxh5
Rxb2+ 34. Kf3 Kg7 35. Ke4 Rb4 36. Ra1 c5 37. Kf5 Rxd4 38. Kxg5 f6+ 39. Kf5 Rd5+
40. Kg4 Rg5+ 41. Kh4 Kh6 42. Bf3 b6 43. Rb1 Rf5 44. Kg3 Kg5 45. Rh1 Re5 46. Rh5+
Kg6 47. Rh1 Re3 48. Kf4 Ra3 49. Bh5+ Kg7 50. Be8 Kf8 51. Bb5 Ke7 52. Rd1 Rh3 53.
Rd7+ Ke6 54. Rb7 Kd5 55. Rxb6 c4 56. Rxf6 Kd4 57. Kg4 Re3 58. Rf4+ Kd5 59. Bxc4+
Kc5 60. Bb5 Re1 61. Kf5 Re7 62. Re4 Rf7+ 63. Ke6 Rh7 64. Rc4+ Kb6 65. Rc6+ Kb7
66. Rd6 Rh6+ 67. Kd5 Rh5+ 68. Kc4 Rg5 69. Rd5 Rg1 70. Rd7+ Kb6 71. Rd6+ Kb7 72.
Ra6 Rg4+ 73. Kb3 Rg3+ 74. Kc2 Rg2+ 75. Kd3 Rg3+ 76. Ke2 Rg2+ 77. Kf3 Rg8 78.
Rxa5 Kb6 79. Ra6+ Kc5 80. Ke4 Rg4+ 81. Kf5 Rg1 82. Ra8 Re1 83. Rc8+ Kb6 84. Re8
Rh1 85. Ke4 Re1+ 86. Kd5 Rd1+ 87. Kc4 Rc1+ 88. Kb4 Rb1+ 89. Kc3 Rc1+ 90. Kb2 Rh1
91. Re3 Rh2+ 92. Kb3 Rh4 93. Bc4 Kc5 94. Re5+ Kd6 95. Rd5+ Kc6 96. Kb4 Rh1 97.
Rc5+ Kb6 98. a5+ Ka7 99. Rc7+ Kb8 100. Rb7+ Ka8 101. Bd5 Rb1+ 102. Kc5 Rc1+ 103.
Kd6 Rc6+ 104. Ke7 Kxb7 105. Bxc6+ Kxc6 106. Kd8 Kb5 107. Kc7 Kxa5 1/2-1/2

[Event "Online Olym Div4 B 2020"]
[Site "chess.com INT"]
[Date "2020.08.01"]
[Round "6.1"]
[Board "2"]
[White "Isaakidis, Alexandros"]
[Black "Eichab, Charles"]
[Result "1-0"]
[BlackTitle "CM"]
[WhiteElo "2211"]
[BlackElo "2029"]
[WhiteTeam "Cyprus"]
[BlackTeam "Namibia"]
[WhiteFideId "5903076"]
[BlackFideId "15200051"]
[EventDate "2020.07.31"]
[EventType "team"]

1. e3 Nf6 2. c4 c5 3. Nc3 g6 4. Nf3 Bg7 5. d4 O-O 6. d5 e6 7. Be2 exd5 8. cxd5
d6 9. O-O Re8 10. Nd2 Na6 11. Nc4 Nc7 12. a4 Bd7 13. a5 Bb5 14. f3 Ba6 15. e4
Nb5 16. Bf4 Nh5 17. Bd2 Nd4 18. Bd3 b6 19. axb6 Bxc4 20. Bxc4 Qxb6 21. g4 Nf6
22. b3 Nd7 23. Ra6 Qb8 24. f4 Nb6 25. Qb1 Qc8 26. Qd3 Qxg4+ 27. Qg3 Qc8 28. Ra2
Rxe4 29. Ba6 Qe8 30. Nxe4 Qxe4 31. Qg2 Re8 32. Qxe4 Rxe4 33. Bd3 Re7 34. Bc4 f5
35. Kg2 Kf7 36. Re1 Nxc4 37. Rxe7+ Kxe7 38. Rxa7+ Kf6 39. bxc4 Bh6 40. Rd7 Ne2
41. Rxd6+ Kf7 42. Rd7+ Kg8 43. d6 Bxf4 44. Bxf4 Nxf4+ 45. Kf3 Ne6 46. Re7 Nd4+
47. Kf4 h6 48. Ke5 Nc6+ 49. Kf6 Kf8 50. d7 f4 51. Re8# 1-0

[Event "Online Olym Div4 B 2020"]
[Site "chess.com INT"]
[Date "2020.08.01"]
[Round "6.1"]
[Board "3"]
[White "Mentile, Lishen"]
[Black "Sokolova, Larisa"]
[Result "1/2-1/2"]
[WhiteTitle "WCM"]
[WhiteElo "1513"]
[BlackElo "1642"]
[WhiteTeam "Namibia"]
[BlackTeam "Cyprus"]
[WhiteFideId "15200477"]
[BlackFideId "5904919"]
[EventDate "2020.07.31"]
[EventType "team"]

1. e4 c5 2. Nf3 d6 3. d4 cxd4 4. Nxd4 Nf6 5. Nc3 Nc6 6. Bc4 e6 7. Bg5 Be7 8.
Ndb5 O-O 9. Bxf6 Bxf6 10. Qd2 Be5 11. O-O a6 12. f4 axb5 13. fxe5 Nxe5 14. Bxb5
Qb6+ 15. Kh1 Bd7 16. Bxd7 Nxd7 17. b3 Ne5 18. a4 Rfd8 19. Nb5 d5 20. exd5 Rxd5
21. Qe2 Rad8 22. Rad1 f6 23. Nc3 R5d6 24. Nb5 Rxd1 25. Rxd1 Rxd1+ 26. Qxd1 Qc6
27. Qd8+ Kf7 28. Nd6+ Kg6 29. Qe8+ Qxe8 30. Nxe8 Nc6 31. Nd6 Nd8 32. Kg1 e5 33.
Kf2 f5 34. b4 Kf6 35. c4 Ke6 36. c5 g5 37. a5 e4 38. Ke3 Kd5 39. Nxf5 Nc6 40. b5
Nxa5 41. c6 bxc6 42. bxc6 Nxc6 43. g4 Nb4 44. Ne7+ Ke5 45. Nc8 Nc2+ 46. Kd2 Nd4
47. Ke3 Nf3 48. h3 Ng1 49. Ne7 Nxh3 50. Nc6+ Kd5 51. Ne7+ Ke6 52. Nc6 Kd6 53.
Nd4 Kd5 54. Nb5 Nf4 55. Nc3+ Ke5 56. Nxe4 Ng2+ 57. Kf3 Ne1+ 58. Ke3 Nc2+ 59. Kd3
Nb4+ 60. Ke3 Nd5+ 61. Kf3 h6 62. Ng3 Nf4 63. Ne4 Ng6 64. Ng3 Nf4 65. Ne4 Nd3 66.
Ke3 Ne1 67. Ng3 Nc2+ 68. Kf3 Nd4+ 69. Ke3 Nc2+ 70. Kf3 Ne1+ 71. Ke3 Ng2+ 72. Kf3
Nh4+ 73. Ke3 Ng6 74. Kf3 Nf4 1/2-1/2

[Event "Online Olym Div4 B 2020"]
[Site "chess.com INT"]
[Date "2020.08.01"]
[Round "6.1"]
[Board "4"]
[White "Sokolova, Victoria"]
[Black "Tsuses, Patience"]
[Result "0-1"]
[WhiteElo "1208"]
[BlackElo "1031"]
[WhiteTeam "Cyprus"]
[BlackTeam "Namibia"]
[WhiteFideId "5905460"]
[BlackFideId "15200876"]
[EventDate "2020.07.31"]
[EventType "team"]

1. c4 e5 2. Nc3 Nf6 3. Nf3 Nc6 4. d4 exd4 5. Nxd4 Bb4 6. Nxc6 Bxc3+ 7. bxc3 bxc6
8. Ba3 d6 9. Qd3 O-O 10. e4 Qe8 11. Be2 Qxe4 12. Qxe4 Nxe4 13. Rc1 Rb8 14. O-O
c5 15. Bf3 Nd2 16. Rfe1 Nxc4 17. Bxc5 dxc5 18. Re7 Be6 19. Rxc7 a5 20. Rxc5 Rb2
21. Bd5 Bxd5 22. Rxd5 Rxa2 23. Rd4 Ne5 24. Rd5 f6 25. h3 Rc8 26. Kf1 Ra3 27. Ke2
Raxc3 28. Rxc3 Rxc3 29. Rxa5 Rc2+ 30. Ke1 Kf7 31. Ra6 Kg6 32. Ra5 Nd3+ 33. Kf1
Rxf2+ 34. Kg1 Rc2 35. g4 Nf4 36. Ra3 Kg5 37. Ra7 g6 38. Rxh7 Rc3 39. Kh2 Rc2+
40. Kg3 Ne2+ 41. Kf3 Ng1+ 42. Kg3 Rc3+ 43. Kg2 Ne2 44. Kf2 Nf4 45. Re7 Rxh3 46.
Rf7 Nd3+ 47. Kg2 Rh4 48. Rd7 Rxg4+ 49. Kf3 Ne5+ 50. Ke3 Nxd7 51. Kf2 Rf4+ 52.
Kg3 f5 53. Kh3 Rg4 54. Kh2 f4 55. Kh1 f3 56. Kh2 Kf5 57. Kh1 Rg5 58. Kh2 f2 59.
Kh3 f1=Q+ 60. Kh4 Qh1# 0-1

[Event "Online Olym Div4 B 2020"]
[Site "chess.com INT"]
[Date "2020.08.01"]
[Round "6.1"]
[Board "5"]
[White "Ndahangwapo, Heskiel"]
[Black "Hadjinicolaou, Andreas"]
[Result "1-0"]
[WhiteElo "1883"]
[BlackElo "1710"]
[WhiteTeam "Namibia"]
[BlackTeam "Cyprus"]
[WhiteFideId "15202020"]
[BlackFideId "5901103"]
[EventDate "2020.07.31"]
[EventType "team"]

1. e4 c5 2. Nf3 Nc6 3. g3 g6 4. Bg2 Bg7 5. O-O d6 6. d3 e6 7. Bg5 Qb6 8. Nbd2 h6
9. Be3 Qxb2 10. Rb1 Qxa2 11. Nc4 b6 12. e5 Qa4 13. Ra1 Qb4 14. Bd2 Qxc4 15. dxc4
Bb7 16. Bc3 O-O-O 17. Qe1 d5 18. cxd5 exd5 19. e6 f6 20. e7 Ngxe7 21. Qe6+ Kb8
22. Bxf6 Bc8 23. Qf7 Rdf8 24. Qxg7 Rhg8 25. Qxh6 Nf5 26. Qf4+ Kb7 27. Bg5 Nfd4
28. Qe3 Nxc2 29. Qb3 Nxa1 30. Rxa1 Bg4 31. Ne5 Rc8 32. Nxc6 Rxc6 33. Bxd5 Rc8
34. Bxc6+ Rxc6 35. Qd5 a5 36. Re1 Kc7 37. Qd8+ Kb7 38. Qd5 Bc8 39. Re7+ Ka6 40.
Qxc6 Bf5 41. Rb7 Bd3 42. Qxb6# 1-0

[Event "Online Olym Div4 B 2020"]
[Site "chess.com INT"]
[Date "2020.08.01"]
[Round "6.1"]
[Board "6"]
[White "Sarkisian, Aikaterina"]
[Black "Horn, Lure"]
[Result "1-0"]
[WhiteElo "1016"]
[BlackElo "1116"]
[WhiteTeam "Cyprus"]
[BlackTeam "Namibia"]
[WhiteFideId "5905265"]
[BlackFideId "15200728"]
[EventDate "2020.07.31"]
[EventType "team"]

1. e4 c5 2. d4 cxd4 3. c3 dxc3 4. Nxc3 Nc6 5. Nf3 Nf6 6. e5 Ng4 7. Bf4 d6 8.
exd6 exd6 9. Bc4 Be7 10. Nb5 O-O 11. O-O Be6 12. Bxe6 fxe6 13. Bxd6 Bxd6 14.
Nxd6 Qb6 15. Qe2 Nd4 16. Nxd4 Qxd4 17. Qxe6+ Kh8 18. Nf7+ Kg8 19. Nh6+ Kh8 20.
Qg8+ Rxg8 21. Nf7# 1-0

[Event "Online Olym Div4 B 2020"]
[Site "chess.com INT"]
[Date "2020.08.01"]
[Round "6.2"]
[Board "1"]
[White "Chekh Adm Khedr, Aram"]
[Black "Paiva, Donaldo"]
[Result "1-0"]
[BlackTitle "CM"]
[WhiteElo "2074"]
[BlackElo "2230"]
[WhiteTeam "Syria"]
[BlackTeam "Mozambique"]
[WhiteFideId "7601948"]
[BlackFideId "14800098"]
[EventDate "2020.07.31"]
[EventType "team"]

1. e4 c6 2. d4 d5 3. Nd2 dxe4 4. Nxe4 Bf5 5. Ng3 Bg6 6. Nh3 e6 7. Nf4 Bd6 8. Bc4
Qh4 9. Ngh5 Bxh5 10. Qxh5 Qxh5 11. Nxh5 g6 12. Nf4 Nf6 13. O-O Nbd7 14. Nd3
O-O-O 15. a4 c5 16. Be3 Ng4 17. h3 Nxe3 18. fxe3 Rhf8 19. g4 Nb6 20. Bxe6+ fxe6
21. dxc5 Bc7 22. cxb6 Bxb6 23. Rae1 Rxf1+ 24. Kxf1 Kd7 25. Ke2 Ke7 26. c4 g5 27.
Rh1 h6 28. h4 Kf6 29. Rf1+ Ke7 30. hxg5 hxg5 31. Rh1 Rc8 32. b3 Bc7 33. Nf2 a6
34. Ne4 b5 35. Rh7+ 1-0

[Event "Online Olym Div4 B 2020"]
[Site "chess.com INT"]
[Date "2020.08.01"]
[Round "6.2"]
[Board "2"]
[White "Calicoca, Wilton Inacio"]
[Black "Hamad, Ahmad"]
[Result "1-0"]
[WhiteTitle "FM"]
[BlackTitle "FM"]
[WhiteElo "2122"]
[BlackElo "2207"]
[WhiteTeam "Mozambique"]
[BlackTeam "Syria"]
[WhiteFideId "14800268"]
[BlackFideId "7600364"]
[EventDate "2020.07.31"]
[EventType "team"]

1. e4 g6 2. d4 Nf6 3. Nc3 d5 4. e5 Ne4 5. Nf3 Nxc3 6. bxc3 c5 7. a4 c4 8. g3 Nc6
9. Bg2 f6 10. exf6 exf6 11. O-O Kf7 12. Re1 Be6 13. Nd2 Ne7 14. Rb1 Rb8 15. Qe2
Qd7 16. a5 Bf5 17. Nf1 Bg4 18. f3 Be6 19. a6 b5 20. Ne3 Nc6 21. f4 Bh6 22. Kh1
Rhe8 23. f5 Bxf5 24. Nxf5 Qxf5 25. Qf1 Rxe1 26. Qxe1 Bxc1 27. Qxc1 b4 28. g4 Qe6
29. h3 bxc3 30. Rb7+ Rxb7 31. axb7 Ke7 32. Qf4 Qd6 33. Qh6 Kd7 34. Qxh7+ Qe7 35.
Qg8 1-0

[Event "Online Olym Div4 B 2020"]
[Site "chess.com INT"]
[Date "2020.08.01"]
[Round "6.2"]
[Board "3"]
[White "Mahmoud, Roula"]
[Black "Vilhete, Vania Fausto Da T."]
[Result "0-1"]
[WhiteTitle "WFM"]
[BlackTitle "WIM"]
[WhiteElo "1771"]
[BlackElo "1799"]
[WhiteTeam "Syria"]
[BlackTeam "Mozambique"]
[WhiteFideId "7601263"]
[BlackFideId "14800144"]
[EventDate "2020.07.31"]
[EventType "team"]

1. e4 c5 2. Nf3 d6 3. d4 cxd4 4. Nxd4 Nf6 5. Nc3 a6 6. Bc4 e6 7. O-O Be7 8. Be3
O-O 9. a4 Qc7 10. Bb3 b6 11. f3 Nc6 12. Nxc6 Qxc6 13. Qe2 Bb7 14. Qf2 b5 15.
axb5 axb5 16. Qg3 Nd7 17. Rxa8 Rxa8 18. Rd1 Ne5 19. h4 Nc4 20. Bh6 Bf8 21. Bxc4
Qxc4 22. Kh1 b4 23. Rxd6 Qf1+ 24. Kh2 Bxd6 25. Qxd6 gxh6 26. Qb6 bxc3 27. Qxb7
Qa6 28. Qb3 cxb2 29. Qxb2 Qd6+ 30. e5 Qd5 31. f4 Rc8 32. g3 Qd2+ 33. Kh3 Qxc2
34. Qd4 Qf5+ 35. Kh2 Rc2+ 36. Kg1 Rc1+ 37. Kf2 Qc2+ 38. Kf3 Qc3+ 39. Qxc3 Rxc3+
40. Kg4 Kg7 41. h5 Rd3 42. Kh4 Kf8 43. Kg4 Ke7 44. Kh4 f6 45. exf6+ Kxf6 46. Kg4
Rd4 47. Kh4 Kf5 48. Kh3 e5 49. fxe5 Kxe5 50. g4 Kf4 51. Kh4 Rd8 52. Kh3 Rg8 53.
Kh4 Rxg4+ 54. Kh3 Rg1 55. Kh2 Rg5 56. Kh3 Kf3 57. Kh4 Kf2 58. Kh3 Rg1 59. Kh4
Kf3 60. Kh3 Rh1# 0-1

[Event "Online Olym Div4 B 2020"]
[Site "chess.com INT"]
[Date "2020.08.01"]
[Round "6.2"]
[Board "4"]
[White "Castro, Neusa Aridas De"]
[Black "Yazji, Mada"]
[Result "1-0"]
[WhiteTitle "WCM"]
[WhiteElo "1512"]
[BlackElo "1704"]
[WhiteTeam "Mozambique"]
[BlackTeam "Syria"]
[WhiteFideId "14800250"]
[BlackFideId "7602065"]
[EventDate "2020.07.31"]
[EventType "team"]

1. e4 c5 2. Nf3 Nc6 3. Bc4 e6 4. a3 d5 5. exd5 exd5 6. Be2 Be7 7. O-O Nf6 8. d4
O-O 9. dxc5 Bxc5 10. Bg5 Be7 11. Nc3 h6 12. Bh4 a6 13. Rb1 d4 14. Na2 Be6 15.
Nc1 Qd7 16. Bd3 Rfd8 17. Re1 Bg4 18. Nb3 g5 19. Bg3 Nh5 20. Be2 Nxg3 21. hxg3
Be6 22. Nfd2 a5 23. Bh5 a4 24. Nc1 d3 25. Nxd3 Nd4 26. Nf3 Nxc2 27. Nfe5 Qc7 28.
Rc1 Bb3 29. Re2 Rac8 30. Bg4 Nd4 31. Rxc7 Bxd1 32. Rxc8 Rxc8 33. Bxc8 Bxe2 34.
Bxb7 Bxd3 35. Nxd3 Bf6 36. Bc8 Kf8 37. Bd7 Ke7 38. Bxa4 Kd6 39. Bd1 Nc6 40. Bh5
Ke7 41. Kf1 Bd4 42. Ke2 f6 43. f3 Kd6 44. Bf7 Ke7 45. Ba2 Kd6 46. a4 Nb8 47. b4
Kc6 48. Bc4 Kb6 49. f4 Nc6 50. fxg5 hxg5 51. Kf3 Bc3 52. b5 Nd4+ 53. Kg4 Ka5 54.
Nc5 Bb4 55. Nd7 Kxa4 56. Nxf6 Be7 57. Nd5 Bd8 58. b6 Ne6 59. b7 Bc7 60. Nxc7
Nxc7 1-0

[Event "Online Olym Div4 B 2020"]
[Site "chess.com INT"]
[Date "2020.08.01"]
[Round "6.2"]
[Board "5"]
[White "Koniahli, Malek."]
[Black "Vasco, Mateus Felizardo Viageiro"]
[Result "0-1"]
[WhiteTitle "FM"]
[WhiteElo "2261"]
[BlackElo "1862"]
[WhiteTeam "Syria"]
[BlackTeam "Mozambique"]
[WhiteFideId "7603495"]
[BlackFideId "14800403"]
[EventDate "2020.07.31"]
[EventType "team"]

1. e4 c5 2. Nf3 d6 3. d4 cxd4 4. Nxd4 Nf6 5. Nc3 a6 6. Be3 e5 7. Nb3 Be6 8. f3
Nbd7 9. Qd2 Rc8 10. O-O-O Be7 11. g4 b5 12. g5 Nh5 13. h4 O-O 14. Bh3 Nb6 15.
Bxb6 Qxb6 16. Ne2 Rc7 17. Bg4 Nf4 18. Nxf4 exf4 19. Qxf4 Rfc8 20. Rh2 d5 21. e5
Rc4 22. Qg3 Qe3+ 23. Kb1 Rxg4 24. Qxg4 Bxg4 25. fxg4 Qxe5 26. Rhd2 Rd8 27. Nd4
Qc7 28. Nf5 Bf8 29. h5 Qf4 30. g6 fxg6 31. hxg6 hxg6 32. Nd4 Qxg4 33. Nc6 Rd6
34. Ne5 Qe4 35. Nd3 g5 36. Rg1 Rg6 37. a3 g4 38. Re1 Qf5 39. Rf2 Qg5 40. Re5 g3
41. Rg2 Qg4 42. Re3 Bd6 43. Re8+ Kf7 44. Re1 Rf6 45. Ka2 Qc4+ 46. b3 Qc3 47.
Rge2 Qa5 48. b4 Qc7 49. Kb2 a5 50. c3 Qc4 51. Re3 d4 0-1

[Event "Online Olym Div4 B 2020"]
[Site "chess.com INT"]
[Date "2020.08.01"]
[Round "6.2"]
[Board "6"]
[White "Efentakis, Theodora"]
[Black "Khalil, Manar"]
[Result "0-1"]
[WhiteElo "1147"]
[BlackElo "1793"]
[WhiteTeam "Mozambique"]
[BlackTeam "Syria"]
[WhiteFideId "14801078"]
[BlackFideId "7604661"]
[EventDate "2020.07.31"]
[EventType "team"]

1. e4 c5 2. Nf3 d6 3. Bc4 Nf6 4. Nc3 e6 5. O-O Be7 6. a3 a6 7. d3 O-O 8. h3 b5
9. Ba2 Nc6 10. Bd2 Bb7 11. Ne2 Rc8 12. Ng3 Nd7 13. Rb1 Nd4 14. Re1 Qc7 15. c3
Nxf3+ 16. Qxf3 Ne5 17. Qe2 c4 18. d4 Nd3 19. Rf1 f5 20. exf5 exf5 21. Qe6+ Kh8
22. Nxf5 Rce8 23. Nxe7 Rxe7 24. Qg4 Re6 25. Qxe6 Bc8 26. Qe3 Bf5 27. Ra1 Qf7 28.
Bb1 Nxb2 29. Bxf5 Qxf5 30. Qe7 Nd3 31. Be3 h6 32. Qxd6 Rf6 33. Qd8+ Kh7 34. a4
Rg6 35. axb5 Qxh3 36. Qa8 axb5 37. Ra7 Qf5 38. Rc7 Re6 39. Rc8 b4 40. cxb4 Nxb4
41. Rxc4 Nc2 42. Qf3 Qd3 43. Rc8 Nxe3 44. fxe3 Rf6 45. Qd1 Qxe3+ 46. Kh2 Rd6 47.
Qb1+ Rg6 48. Rff8 Qg3+ 49. Kh1 Qxg2# 0-1

[Event "Online Olym Div4 B 2020"]
[Site "chess.com INT"]
[Date "2020.08.01"]
[Round "6.3"]
[Board "1"]
[White "Alothman, Abdul Wahab"]
[Black "Salman Ali Khan"]
[Result "1/2-1/2"]
[WhiteTitle "FM"]
[WhiteElo "1930"]
[BlackElo "1681"]
[WhiteTeam "Kuwait"]
[BlackTeam "Pakistan"]
[WhiteFideId "10300015"]
[BlackFideId "7803176"]
[EventDate "2020.07.31"]
[EventType "team"]

1. d4 d5 2. Nf3 Nf6 3. c4 c6 4. Nc3 e6 5. e3 Nbd7 6. Bd3 dxc4 7. Bxc4 b5 8. Bd3
a6 9. e4 b4 10. Na4 c5 11. Nxc5 Bxc5 12. dxc5 Nxc5 13. Bc2 Qxd1+ 14. Bxd1 Ncxe4
15. Ne5 O-O 16. f3 Nd6 17. Be3 Nb7 18. Ba4 Nd5 19. Bf2 f6 20. Nd3 Rd8 21. Bc6 a5
22. Nc5 Rb8 23. Na6 Ra8 24. Nc5 Rb8 25. Na6 Ra8 26. Nc5 1/2-1/2

[Event "Online Olym Div4 B 2020"]
[Site "chess.com INT"]
[Date "2020.08.01"]
[Round "6.3"]
[Board "2"]
[White "Yousuf Azeem Makhdoomi"]
[Black "Alrashidi, Yousef"]
[Result "1-0"]
[WhiteElo "1790"]
[BlackElo "1610"]
[WhiteTeam "Pakistan"]
[BlackTeam "Kuwait"]
[WhiteFideId "7801254"]
[BlackFideId "10300910"]
[EventDate "2020.07.31"]
[EventType "team"]

1. d4 d5 2. Nf3 e6 3. Bf4 Nf6 4. h3 Be7 5. e3 a6 6. Nbd2 c5 7. c3 Nc6 8. Bd3 c4
9. Bc2 b5 10. e4 dxe4 11. Nxe4 Nxe4 12. Bxe4 Bb7 13. Ne5 Qb6 14. Bxc6+ Bxc6 15.
Qg4 Bf6 16. Qg3 b4 17. Nxc4 Qd8 18. Nd6+ Ke7 19. O-O bxc3 20. Qxc3 Bd5 21. Qc5
Kd7 22. Nxf7 Be7 23. Qc2 Qc8 24. Qa4+ Bc6 25. Ne5+ Ke8 26. Nxc6 Kf7 27. Ne5+ Kg8
28. Rac1 Qe8 29. Qb3 Bf6 30. Rc7 Bxe5 31. Bxe5 Qg6 32. Rxg7+ Qxg7 33. Bxg7 Kxg7
34. Qg3+ Kh6 35. Re1 Rae8 36. Re4 1-0

[Event "Online Olym Div4 B 2020"]
[Site "chess.com INT"]
[Date "2020.08.01"]
[Round "6.4"]
[Board "1"]
[White "Nduwayesu, Maranatha"]
[Black "Borg, Geoffrey"]
[Result "0-1"]
[BlackTitle "FM"]
[WhiteElo "1829"]
[BlackElo "2367"]
[WhiteTeam "Rwanda"]
[BlackTeam "Malta"]
[WhiteFideId "16001109"]
[BlackFideId "5600014"]
[EventDate "2020.07.31"]
[EventType "team"]

1. e4 c5 2. d3 g6 3. Nd2 Bg7 4. g3 e6 5. Bg2 Nc6 6. a4 d5 7. Ne2 Nf6 8. O-O O-O
9. c3 b6 10. f4 Ba6 11. e5 Nd7 12. Nf3 f6 13. exf6 Nxf6 14. Ng5 Qd6 15. Re1 Rae8
16. d4 Bxe2 17. Rxe2 cxd4 18. Bh3 dxc3 19. bxc3 Qc5+ 20. Be3 Qd6 21. Bf2 e5 22.
fxe5 Nxe5 23. Qd4 Nfd7 24. Qb4 Qxb4 25. cxb4 Nf3+ 26. Nxf3 Rxe2 27. Rf1 Rxf3 28.
Bxd7 Rfxf2 29. Rxf2 Bd4 0-1

[Event "Online Olym Div4 B 2020"]
[Site "chess.com INT"]
[Date "2020.08.01"]
[Round "6.4"]
[Board "2"]
[White "Darmanin, Jake"]
[Black "Nzabanita, Joseph"]
[Result "1-0"]
[WhiteTitle "CM"]
[WhiteElo "2078"]
[BlackElo "1798"]
[WhiteTeam "Malta"]
[BlackTeam "Rwanda"]
[WhiteFideId "5601061"]
[BlackFideId "16000480"]
[EventDate "2020.07.31"]
[EventType "team"]

1. d4 Nf6 2. Nc3 d6 3. e4 g6 4. Nf3 Bg7 5. h3 Nbd7 6. e5 dxe5 7. dxe5 Ng8 8. e6
fxe6 9. Ng5 Ndf6 10. Qxd8+ Kxd8 11. Nf7+ Ke8 12. Nxh8 Bxh8 13. Bf4 c6 14. O-O-O
Nd5 15. Bd2 Ngf6 16. Be2 b6 17. Rhe1 Bb7 18. Bf3 Kf7 19. Ne4 Nxe4 20. Bxe4 Rd8
21. c4 Nf6 22. Bf3 Rd6 23. Bc3 Bg7 24. Kc2 Ba6 25. b3 c5 26. Be5 Rxd1 27. Rxd1
Bc8 28. Rd8 1-0

[Event "Online Olym Div4 B 2020"]
[Site "chess.com INT"]
[Date "2020.08.01"]
[Round "6.4"]
[Board "3"]
[White "Uwase, Joselyne"]
[Black "Caruana Pulpan, Oana"]
[Result "0-1"]
[WhiteTitle "WFM"]
[BlackTitle "WFM"]
[WhiteElo "1553"]
[BlackElo "1901"]
[WhiteTeam "Rwanda"]
[BlackTeam "Malta"]
[WhiteFideId "16000676"]
[BlackFideId "5600502"]
[EventDate "2020.07.31"]
[EventType "team"]

1. e4 c5 2. Nc3 Nc6 3. Bd3 g6 4. Bb5 Bg7 5. Bxc6 bxc6 6. Nge2 d5 7. d3 f5 8. Bf4
e5 9. Bc1 Nf6 10. Bg5 O-O 11. h4 h6 12. Bxf6 Bxf6 13. h5 g5 14. exf5 Bxf5 15.
Ng3 Be6 16. a4 a5 17. Qe2 Qd7 18. f3 Rab8 19. Rb1 e4 20. O-O Bd4+ 21. Kh1 Qd6
22. Qe1 Bxc3 23. bxc3 Rxb1 24. Qxb1 Qxg3 25. dxe4 dxe4 26. fxe4 Rxf1+ 27. Qxf1
Qh4+ 28. Kg1 Qxe4 29. Kh1 Bd5 30. Qf2 Qxg2+ 31. Qxg2 Bxg2+ 32. Kxg2 Kf7 33. Kf3
Ke6 34. Ke4 c4 35. Kf3 Kf5 36. Kg3 g4 37. Kg2 Kg5 38. Kg3 Kxh5 39. Kg2 Kh4 40.
Kh2 h5 41. Kg2 Kg5 42. Kg3 h4+ 43. Kg2 Kf4 44. Kh2 Ke3 0-1